Responses for Show #4849 - Thursday, October 13, 2005

2005 Back to School Week game 4.

Contestants

[<< previous game]

Mitchell Vogel, from Madison, Wisconsin

Hope Landsem, from Tualatin, Oregon

Joseph Henares, from Avon, Connecticut

[next game >>]

Jeopardy! Round responses

STATE OF INTEREST
LITTLE LEAGUE BASEBALL
THE BOOK NOOK
SNACK ATTACK
NATURE STUDY
ESPAÑOL
    $200 6
(Mitchell: What is Arizona?)

New Mexico

JosephMitchell
    $200 24
the World Series

Hope
    $200 1
crafts

Triple Stumper
    $200 8
Pop-Tarts

Hope
    $200 17
their leaves fall off

Mitchell
    $200 2
(Hope: What is platinum?)

silver

HopeMitchell
    $400 7
Idaho

Hope
    $400 27
6

Mitchell
    $400 3
fiction

Mitchell
    $400 9
a s'more

Joseph
    $400 18
a skunk

Joseph
    $400 20
Sunday

Hope
    $600 14
(Mitchell: What is... um...)

Maine

JosephMitchell
    $600 28
[The end-of-round signal sounds.]

aluminum

Joseph
    $600 4
reference

Mitchell
    $600 10
nachos

Hope
    $600 19
perennials

Hope
    $600 21
a dog

Hope
    $800 15
(Hope: What is Illinois?)

Kentucky

HopeMitchell
    $800 5
(Mitchell: What are works?)

poems

Mitchell
Triple Stumper
    $800 11
Mrs. Fields

Hope
    $800 23
(Alex: A prickly pear is a beautiful [*].)

cactus

Triple Stumper
    $800 22
(Mitchell: What is an almanac?)

the spelling

Mitchell
Triple Stumper
    $1000 16
Utah

Triple Stumper
    $800 13
(Mitchell: What is... England?)

ancient history

Mitchell
    $1000 12
trail mix

Mitchell
    $1000 26
pistils & stamens

Triple Stumper
    $1000 25
a desk

Mitchell

Scores at the first commercial break (after clue 13):

Joseph Hope Mitchell
$600 $1,800 $400

Scores at the end of the Jeopardy! Round:

Joseph Hope Mitchell
$2,200 $2,800 $1,400

Double Jeopardy! Round responses

THE AMERICAN REVOLUTION
STAR WARS FOREVER
MUSIC CLASS
OCCUPATIONS
LAKES & RIVERS
KIDS' DICTIONARY
    $400 1
representation

Mitchell
    $400 9
PG-13

Hope
    $400 26
an opera

Hope
    $400 6
a butcher

Hope
    $400 12
the Nile

Hope
    $400 13
an ogre

Joseph
    $800 2
King George III

Joseph
    $800 14
Skywalker

Joseph
    $800 27
a chord

Joseph
    $800 7
a pharmacist

Hope
    $800 18
Loch Ness

Joseph
    $800 21
Usher

Hope
    $1200 3
(Joseph: What is... Trenton?)

Valley Forge

JosephHope
    $1200 15
C-3PO & R2-D2

Joseph
    $1200 28
[The end-of-round signal sounds.]

percussion

Hope
    $1200 8
a painter

Mitchell
    $1,400 19
the Ganges

Joseph
    $1200 22
shoe (or sandal)

Triple Stumper
    $1,000 4
(Thomas) Paine

Hope
    $1600 16
Yoda

Joseph
    $1600 10
an accountant

Mitchell
    $1600 20
Florida

Hope
    $1600 23
flume

Mitchell
    $2000 5
the Articles of Confederation

Triple Stumper
    $2000 17
(Alex: $2,000 more for you, takes you into the lead!)

Mace Windu

Joseph
    $2000 11
interpreter

Triple Stumper
    $2000 25
the Caspian Sea

Joseph
    $2000 24
(Hope: What is Tagalog?)

Do-si-do

Hope
Triple Stumper

Scores at the end of the Double Jeopardy! Round:

Joseph Hope Mitchell
$12,800 $9,000 $6,200

[wagering suggestions for these scores]

Final Jeopardy! Round responses

HOBBIES
(Alex: And Joseph Henares, you are a winner here on Kids Week!)
MitchellWhat is poetry
$3,800
HopeWhat is calligraphy?
$6,500
JosephWhat is journ author
$5,201
photography

Final scores:

Joseph Hope Mitchell
$7,599 $2,500 $2,400
Winner: $10,000 + an AOL personal computer package + Classroom Jeopardy! 2nd place: $2,000 + an AOL personal computer package + Classroom Jeopardy! 3rd place: $1,000 + an AOL personal computer package + Classroom Jeopardy!

Game dynamics:

Coryat scores:

Joseph Hope Mitchell
$12,600 $9,600 $7,000
15 R
(including 1 DD),
1 W
18 R
(including 1 DD),
3 W
12 R,
5 W
(including 1 DD)

Combined Coryat: $29,200

[game clues] [game scores] [suggest correction]

Game tape date: 2005-09-12
The J! Archive is created by fans, for fans. Scraping, republication, monetization, and malicious use prohibited; this site may use cookies and collect identifying information. See terms. The Jeopardy! game show and all elements thereof, including but not limited to copyright and trademark thereto, are the property of Jeopardy Productions, Inc. and are protected under law. This website is not affiliated with, sponsored by, or operated by Jeopardy Productions, Inc. Join the discussion at JBoard.tv.